000 00234nam a2200097Ia 4500
008 230915s9999 xx 000 0 und d
050 _aKSK 2461 .L 86 2006
100 _aLumumba,PLO
245 0 _aJudicial Review in Kenya
942 _cBK
999 _c166214
_d166214